00694 a2200229 4500020001500000040001300015082001000028100002300038245007700061246001500138250001300153260005000166300003200216490002800248500002000276650002800296650002800324700002300352856002600375856002200401856004100423 a0070527121 aDLCbDLC00a519.51 aSpiegel, Murray R.10aSchaum's outlines: Theory and problems of statisticscMurray R. Spiegel 30aStatistics a3rd. ed. aIslamabad:bNational Book Foundation,cc2000. av, 138 p. :bill. ;c22 cm.0 aSchaum's outline series aIncludes index. 0aMathematical statistics 0aMathematical statistics1 aStephens, Larry J.423Publisher description423Table of contents423Contributor biographical information